| 000 | 01133cam a2200289Ia 4500 | ||
|---|---|---|---|
| 001 | 50649172 | ||
| 003 | OCoLC | ||
| 005 | 20220823144900.0 | ||
| 008 | 020923s2002 sp a j 000 0 spa d | ||
| 020 | _a8495123347 | ||
| 020 | _a9788495123343 | ||
| 040 |
_aJQJ _cJQJ _dPL# _dJTH |
||
| 041 | 1 |
_aspa _hpor |
|
| 100 | 1 |
_aBallesteros Rey, Xose, _d1950- |
|
| 240 | 1 | 0 |
_aCoellino branco. _lSpanish. |
| 245 | 1 | 3 |
_aEl pequeno conejo blanco / _cadaptacion de Xose Ballesteros a partir del cuento popular portugues ; ilustraciones de Oscar Villan. |
| 260 |
_aPontevedra : _bKalandraka, _cc2002. |
||
| 300 |
_a[28] p. : _bcol. ill. ; _c23 cm. |
||
| 490 | 1 | _aColeccion Libros para sonar. | |
| 520 | _aOne day, Little White Rabbit returns home to find a very unwelcome visitor has arrived. Who will help him get back into his house? This popular Portuguese folk tale will delight the kindergarten set. | ||
| 650 | 0 |
_aRabbits _vFolklore _vJuvenile literature. |
|
| 650 | 7 |
_aConejos _vFolklore. _2bidex. |
|
| 655 | 7 |
_aSpanish language materials. _2local. |
|
| 700 | 1 | _aVillan, Oscar. | |
| 830 | 0 | _aColeccion Libros para sonar. | |
| 942 | _cBK | ||
| 999 |
_c27425 _d27425 |
||